Statistics for Countries by First Two Letters with an Empty Map

Click here to take the quiz!

General Stats

  • This quiz has been taken 40,601 times
  • The average score is 115 of 196

Answers on the Map

Answers color-coded by a green-red scale on the quiz's map according to % correct below.
 

Answer Stats

Country% Correct
Cambodia
94%
Cameroon
94%
Canada
94%
Cape Verde
94%
Chad
92%
Chile
92%
China
92%
United Arab Emirates
92%
United Kingdom
92%
United States
92%
Democratic Republic of the Congo
89%
Brazil
86%
Brunei
86%
Moldova
85%
Monaco
85%
Mongolia
85%
Montenegro
85%
Morocco
85%
Mozambique
85%
Russia
85%
Mexico
84%
Argentina
83%
Armenia
83%
Pakistan
83%
Palau
83%
Panama
83%
Papua New Guinea
83%
Paraguay
83%
Republic of the Congo
81%
Solomon Islands
81%
Somalia
81%
South Africa
81%
South Korea
81%
South Sudan
81%
Côte d'Ivoire
80%
Colombia
79%
Comoros
79%
Costa Rica
79%
France
79%
North Korea
79%
Norway
79%
Macedonia
78%
Madagascar
78%
Malawi
78%
Malaysia
78%
Maldives
78%
Mali
78%
Malta
78%
Marshall Islands
78%
Mauritania
78%
Mauritius
78%
Australia
77%
Austria
77%
Georgia
77%
Germany
77%
Bolivia
76%
Bosnia and Herzegovina
76%
Botswana
76%
Belarus
74%
Belgium
74%
Belize
74%
Benin
74%
Poland
74%
Portugal
74%
Swaziland
74%
Sweden
74%
Switzerland
74%
India
72%
Indonesia
72%
Albania
71%
Algeria
71%
Iran
70%
Iraq
70%
Ireland
70%
Nepal
70%
Netherlands
70%
New Zealand
70%
Liberia
69%
Libya
69%
Liechtenstein
69%
Lithuania
69%
Nicaragua
69%
Niger
69%
Nigeria
69%
Kazakhstan
68%
Saint Kitts and Nevis
67%
Saint Lucia
67%
Saint Vincent and Grenadines
67%
Samoa
67%
San Marino
67%
São Tomé and Príncipe
67%
Saudi Arabia
67%
Spain
67%
Tunisia
66%
Turkey
66%
Turkmenistan
66%
Tuvalu
66%
Fiji
65%
Finland
65%
Jamaica
63%
Japan
63%
Guatemala
62%
Guinea
62%
Guinea Bissau
62%
Guyana
62%
Sudan
62%
Suriname
62%
Peru
60%
Egypt
58%
Italy
58%
Myanmar
58%
Andorra
57%
Angola
57%
Antigua and Barbuda
57%
Ukraine
57%
Taiwan
56%
Tajikistan
56%
Tanzania
56%
Bahamas
54%
Bahrain
54%
Bangladesh
54%
Barbados
54%
Denmark
53%
Venezuela
53%
Bulgaria
51%
Burkina Faso
51%
Burundi
51%
Laos
50%
Latvia
50%
Uruguay
48%
Senegal
47%
Serbia
47%
Seychelles
47%
Greece
46%
Grenada
46%
Namibia
46%
Nauru
46%
Honduras
44%
Afghanistan
43%
Cuba
43%
Ecuador
43%
Iceland
41%
Ethiopia
38%
Kyrgyzstan
38%
Uzbekistan
37%
Central African Republic
36%
Estonia
36%
Lebanon
36%
Lesotho
36%
Romania
36%
Zambia
36%
Czech Republic
35%
Slovakia
35%
Slovenia
35%
Kenya
34%
Thailand
34%
El Salvador
33%
Haiti
33%
Zimbabwe
33%
Hungary
32%
Dominica
31%
Dominican Republic
31%
Gabon
31%
Gambia
31%
Ghana
31%
Sierra Leone
31%
Singapore
31%
Vietnam
30%
Oman
29%
Luxembourg
28%
Togo
28%
Tonga
28%
Yemen
28%
Croatia
27%
Israel
27%
Eritrea
26%
Federated States of Micronesia
26%
Philippines
26%
Vanuatu
26%
Vatican City
26%
Bhutan
25%
Kosovo
24%
Azerbaijan
22%
Uganda
22%
East Timor
21%
Jordan
21%
Syria
21%
Kiribati
20%
Djibouti
19%
Rwanda
19%
Sri Lanka
19%
Kuwait
17%
Qatar
17%
Trinidad and Tobago
17%
Cyprus
15%
Equatorial Guinea
14%

Score Distribution

Percentile by Number Answered

Percent of People with Each Score

Your Score History

You have not taken this quiz